000 00569nam a22001575i 4500
001 158926
003 ES-MaACL
005 20230906211359.0
008 040906s1877 sp |||| | spa d
040 _aCAM
_bspa
_cCAM
100 1 _aMartínez, Basilio.
_9129655
245 1 3 _aLa cuestion del pantano de Alicante /
_cpor Basilio Martinez.
260 _aAlicante :
_b[s.n.],
_c1877 (
_fEstablecimiento tipográfico de J. Marcili)
300 _a72 p. ;
_c21 cm.
852 _aES-MaACL
_jT-271-F-6
_z-- Enc. hol.
_q-- Falto de la cub. original
_z-- Enc. en un vol. facticio
999 _c158926
_d158926